MANUAL OF TRANSFUSION MEDICINE (Record no. 28619)

MARC details
000 -LEADER
fixed length control field 00550nam a22002057a 4500
003 - CONTROL NUMBER IDENTIFIER
control field SGT
020 ## - INTERNATIONAL STANDARD BOOK NUMBER
International Standard Book Number 9789388958608
082 ## - DEWEY DECIMAL CLASSIFICATION NUMBER
Classification number 615.39
Item number M24N
100 ## - MAIN ENTRY--PERSONAL NAME
Personal name NAYAK, RAMADAS
245 ## - TITLE STATEMENT
Title MANUAL OF TRANSFUSION MEDICINE
250 ## - EDITION STATEMENT
Edition statement 1ST
260 ## - PUBLICATION, DISTRIBUTION, ETC. (IMPRINT)
Place of publication, distribution, etc INDIA
Name of publisher, distributor, etc JAYPEE PUB
Year of Publication 2024
300 ## - PAGE DESCRIPTION
No. of Pages 613
650 ## - SUBJECT ADDED ENTRY--TOPICAL TERM
Topical term or geographic name as entry element BLOOD BANKING
653 ## - KEYWORDS--INDEX TERM
Keyword term BASIC IMMUNOLOGY RELATED TO BLOOD GROUP SEROLOGY
653 ## - KEYWORDS--INDEX TERM
Keyword term ABO BLOOD GROUP SYSTEM
653 ## - KEYWORDS--INDEX TERM
Keyword term RH BLOOD GROUP SYSTEM
653 ## - KEYWORDS--INDEX TERM
Keyword term BLOOD DONOR SELECTION AND BLOOD COLLECTION
942 ## - ADDED ENTRY ELEMENTS (KOHA)
Source of classification or shelving scheme Dewey Decimal Classification
Koha item type Books
Holdings
Withdrawn status Lost status Source of classification or shelving scheme Damaged status Not for loan Collection code Home library Current library Shelving location Date acquired Vendor Name Cost, normal purchase price SGTU Bill Number Full call number Accession No. (Barcode) Date last seen Bill Date Koha item type Total Checkouts
    Dewey Decimal Classification   Not For Loan MEDICAL SGT Medical Library SGT Medical Library Reference Book 13/12/2024 ABC PUB. DELHI 1250.00 SGTU 20050 615.39 M24N FM14582 01/01/2025 13/12/2024 Books  
    Dewey Decimal Classification     MEDICAL SGT Medical Library SGT Medical Library Text Book 13/12/2024 ABC PUB. DELHI 1250.00 SGTU 20050 615.39 M24N FM14583 01/01/2025 13/12/2024 Books